Statistics for Some of the Oldest Things On Earth

Click here to take the quiz!

General Stats

  • This quiz has been taken 4 times
  • The average score is 4 of 10

Answer Stats

ThingOriginAgeAnswer% Correct
Oldest Known WritingAncient SumeriaAbout 5,519 years oldKish Tablet
75%
FlutesGermany43,000 – 42,000 years oldGeisenklösterle Flutes
50%
Oldest ArtifactsKenya3.3 million years oldLomekwi Stone Tools
50%
Oldest FossilCanada4.2 billion years oldHematite Tubes
25%
Oldest RockAustralia4.3 billion yearsJack Hills Zircon
25%
Oldest LakeKazakhstan65 million years oldLake Zaysan
25%
CoinTurkeyAbout 2,629 years oldLydian Lion
25%
Oldest MountainSouth Africa and Swaiziland3.6 billion years oldMakhonjwa Mountains
25%
Oldest Visible OrganismAustralia3.5 billion years oldStromatolites
25%
Oldest Human FossilMalawi2.5 – 2.3 million years oldUR 501 Jawbone
25%

Score Distribution

Percentile by Number Answered

Percent of People with Each Score

Your Score History

You have not taken this quiz